ბათუმის შოთა რუსთაველის სახელმწიფო უნივერსიტეტის ბიბლიოთეკა

ტურისტული დესტინაციის მენეჯმენტი = Tourusm destination management : (ბიბ.ჩანაწერი № 56184)

000 -ლიდერი
ფიქსირებული სიგრძის საკონტროლო ველი 01577nam a2200301Ia 4500
001 - საკონტროლო ნომერი
საკონტროლო ველი 23285
003 - საკონტროლო ნომრის იდენტიფიკატორი
საკონტროლო ველი GE_BSU
005 - ბოლო ოპერაციის თარიღი და დრო
საკონტროლო ველი 20230728132445.0
008 - ფიქსირებული სიგრძის მონაცემთა ელემენტები - ზოგადი ინფორმაცია
ფიქსირებული სიგრძის საკონტროლო ველი 181216s2017||||ge |||||||||||||| ||geo||
020 ## - წიგნის საერთაშორისო სტანდარტული ნომერი
International Standard Book Number 9789941260988
040 ## - კატალოგიზაციის წყარო
Transcribing agency GE_BSU
041 ## - ენის კოდი
Language code of text/sound track or separate title geo
080 ## - უნივერსალური ათობითი კლასიფიკაციის ინდექსი
Universal Decimal Classification number 005+388.48 უ-38
100 ## - მთავარი ჩანაწერი - პიროვნების სახელი
Personal name უკლება, მაია
9 (RLIN) 19554
245 ## - ცნობა სათაურის შესახებ
Title ტურისტული დესტინაციის მენეჯმენტი = Tourusm destination management :
Remainder of title სახელმძღვანელო /
Statement of responsibility, etc მაია უკლება ; რედაქტორი ნიკო კვარაცხელია.
250 ## - გამოცემის ცნობა
Edition statement I გამოცემა
264 ## - წარმოების, გამოცემის, დისტრიბუციის და სხვა ცნობები
გამოცემის, წარმოების, დისტრიბუციის... ადგილი თბილისი :
გამოცემის, წარმოების, დისტრიბუციის... სახელწოდება უნივერსალი,
გამოცემის, წარმოების, დისტრიბუციის... თარიღი 2017.
300 ## - ფიზიკური აღწერა
Extent 212 გვ. ;
Dimensions 28 სმ.
500 ## - ზოგადი შენიშვნა
General note პროექტი დაფინანსებულია ევროკომისიის მხარდაჭერით
504 ## - BIBLIOGRAPHY, ETC. NOTE
Bibliography, etc ბიბლიოგრ. : გვ.193-198
520 ## - SUMMARY, ETC.
Summary, etc პროექტი დაფინანსებულია ევროკომისიის მხარდაჭერით.
653 ## - INDEX TERM--UNCONTROLLED
Uncontrolled term მენეჯმენტი
653 ## - INDEX TERM--UNCONTROLLED
Uncontrolled term ტურიზმის მენეჯმენტი
653 ## - INDEX TERM--UNCONTROLLED
Uncontrolled term ტურისტული დესტინაციის მენეჯმენტი = Tourusm destination management
700 ## - ADDED ENTRY--PERSONAL NAME
Personal name კვარაცხელია, ნიკო
Relator term რედაქტორი
9 (RLIN) 14268
942 ## - ADDED ENTRY ELEMENTS (KOHA)
Koha item type წიგნი
Source of classification or shelving scheme
ეგზემპლარები
ჩამოწერის სტატუსი დაკარგული ეგზემპლარის სტატუსი კლასიფიკაციის წყარო ან თაროზე გაწყობის სქემა დაზიანების სტატუსი არ გაიცემა მუდმივი მდებარეობა (დაცვის ადგილი) ამჟამინდელი ადგილსამყოფელი თაროზე განთავსების ადგილი შეძენის თარიღი ღირებულება, შესყიდვის ნორმალური ფასი სრული შენახვის შიფრი შტრიხკოდი ბოლო ოპერაციის თარიღი ეგზემპლარის მიმდევრობითი ნომერი (კეტერი?) ფასის ძალაში შესვლის თარიღი ეგზემპლარის სახეობა საჯარო შენიშვნა
          ბათუმის შოთა რუსთაველის სახელმწიფო უნივერსიტეტის მთავარი ბიბლიოთეკა ბათუმის შოთა რუსთაველის სახელმწიფო უნივერსიტეტის მთავარი ბიბლიოთეკა წიგნსაცავი 2018-12-17 15.00 005+388.48 უ-38 58719 2018-12-17 58717 2018-12-17 წიგნი 15.00 ₾.
          ბათუმის შოთა რუსთაველის სახელმწიფო უნივერსიტეტის მთავარი ბიბლიოთეკა ბათუმის შოთა რუსთაველის სახელმწიფო უნივერსიტეტის მთავარი ბიბლიოთეკა წიგნსაცავი 2018-12-17 15.00 005+388.48 უ-38 58720 2018-12-17 58720 2018-12-17 წიგნი 15.00 ₾.
          ბათუმის შოთა რუსთაველის სახელმწიფო უნივერსიტეტის მთავარი ბიბლიოთეკა ბათუმის შოთა რუსთაველის სახელმწიფო უნივერსიტეტის მთავარი ბიბლიოთეკა წიგნსაცავი 2018-12-17 15.00 005+388.48 უ-38 58721 2018-12-17 58721 2018-12-17 წიგნი 15.00 ₾.